Statistiques concernant Les résidences d'Etat

Cliquez ici pour prendre le quiz!

Statistiques générales

  • Ce quiz a été pris 16 fois
  • Le résultat moyen est 7 sur 45

Statistiques - réponses

Réponse% Correct
Cambodge
50%
Colombie
44%
Etats-Unis
44%
Kenya
44%
Maroc
44%
Royaume-Uni
38%
Sénégal
38%
Thaïlande
38%
Vatican
38%
Japon
31%
Monaco
31%
Luxembourg
25%
Afghanistan
19%
Haïti
19%
Argentine
13%
Chili
13%
Corée-du-Sud
13%
Danemark
13%
Kazakhstan
13%
Mexique
13%
Suède
13%
Turquie
13%
Belgique
6%
Bolivie
6%
Brésil
6%
Burkina Faso
6%
Cameroun
6%
Congo
6%
Equateur
6%
Espagne
6%
Norvège
6%
Oman
6%
Pays-Bas
6%
Pérou
6%
Qatar
6%
Tonga
6%
Tunisie
6%
Afrique du sud
0%
Algérie
0%
Brunei
0%
Côte d'ivoire
0%
Egypte
0%
Inde
0%
Kirghizistan
0%
Nauru
0%

Distribution des résultats

Percentile par nombre de réponses

% des personnes avec chaque résultat

Votre développement - résultats

Vous n’avez pas pris ce quiz